000 01174nam a2200313Ia 4500
003 OSt
005 20221007125143.0
006 a|||||r|||| 00| 0
007 ta
008 221006b |||||||| |||| 00| 0 eng d
020 _a0471134570 (hbd)
_c
_ 20.95
024 _a5148
037 _bEducational,
_cTextual
040 _aCDL
_cCDL
_beng
041 _2eng
_aeng
082 _aE5:3,E5, N8;6
100 _aSilverstein Robert M
245 0 _aSpectrometric identification of organic compounds by Robert M Silverstein and Francis X Webster
_b Webster Francis X
250 _aEd 6
260 _aNew
_bYork John Wiley Sons,Inc
_c1998
300 _axiv,482p
_ccm.
500 _aIncludes bibliographical references; Index 477-482p; ^n23/CSL/E/98-99/6187^d1998-04-02^mPurchase; ; 98-99/10^b1998-04-16^cEBA/004/98-99^d1998-04-03^eEducational Book Agency (India); ; 1998-04-23
650 _a Organic compounds
650 _a Spectrometric identification
_9721622
650 _aChemistry
700 _a Webster Francis X
942 _hE5:3,E5, N8;6
_cTEXL
_2CC
999 _c1214771
_d1214771